00434nam a2200181Ia 4500008004100000020001800041050001600059100002000075245004000095245002300135260001500158260001600173260000900189300001600198300002000214300001000234500000800244170918s9999 xx 000 0 und d a9780545630887 bM135ju 2012 aMcDonald, Megan aJudy moody and the bad luck charm / cby Megan McDonald. aNew York : bScholastic, c2012 a156 pages : billustrations ; c19cm. a470